000
00219nam a22000857a 4500
008
161128b xxu||||| |||| 00| 0 eng d
100
_9
1488
_a
Ken ham
245
_a
War of the world views
260
_a
America
_b
Master books
_c
2005
999
_c
4213
_d
4213